Моделирование рассеяния радиоволн на турбулентном плазменном образовании, создаваемом реактивным двигателем космического аппарата; Известия Томского политехнического университета [Известия ТПУ]; Т. 307, № 2
| Parent link: | Известия Томского политехнического университета [Известия ТПУ]/ Томский политехнический университет (ТПУ).— , 2000- Т. 307, № 2.— 2004.— [С. 20-24] |
|---|---|
| Autor Principal: | |
| Summary: | Заглавие с титульного листа Электронная версия печатной публикации Излагаются результаты вычислений частотного спектра радиосигнала, отраженного от турбулентного плазменного образования, создаваемого реактивным двигателем космического аппарата. Проводится сопоставление результатов численного моделирования с известными экспериментальными данными по радиозондированию вслед факелу ракеты. |
| Idioma: | ruso |
| Publicado: |
2004
|
| Series: | Естественные науки |
| Subjects: | |
| Acceso en liña: | http://www.lib.tpu.ru/fulltext/v/Bulletin_TPU/2004/v307/i2/04.pdf |
| Formato: | MixedMaterials Electrónico Capítulo de libro |
| KOHA link: | https://koha.lib.tpu.ru/cgi-bin/koha/opac-detail.pl?biblionumber=168930 |
MARC
| LEADER | 00000nla2a2200000 4500 | ||
|---|---|---|---|
| 001 | 168930 | ||
| 005 | 20240209094125.0 | ||
| 035 | |a (RuTPU)RU\TPU\book\183260 | ||
| 035 | |a RU\TPU\book\183247 | ||
| 090 | |a 168930 | ||
| 100 | |a 20091105d2004 k y0rusy50 ca | ||
| 101 | 0 | |a rus | |
| 102 | |a RU | ||
| 135 | |a drnn ---uucaa | ||
| 181 | 0 | |a i | |
| 182 | 0 | |a b | |
| 200 | 1 | |a Моделирование рассеяния радиоволн на турбулентном плазменном образовании, создаваемом реактивным двигателем космического аппарата |f В. Г. Спицын | |
| 203 | |a Текст |c электронный | ||
| 215 | |a 1 файл (602 Кб) | ||
| 225 | 1 | |a Естественные науки | |
| 300 | |a Заглавие с титульного листа | ||
| 300 | |a Электронная версия печатной публикации | ||
| 320 | |a [Библиогр.: с. 24 (21 назв.)] | ||
| 330 | |a Излагаются результаты вычислений частотного спектра радиосигнала, отраженного от турбулентного плазменного образования, создаваемого реактивным двигателем космического аппарата. Проводится сопоставление результатов численного моделирования с известными экспериментальными данными по радиозондированию вслед факелу ракеты. | ||
| 337 | |a Adobe Reader | ||
| 461 | 1 | |0 (RuTPU)RU\TPU\book\176237 |t Известия Томского политехнического университета [Известия ТПУ] |f Томский политехнический университет (ТПУ) |d 2000- | |
| 463 | 1 | |0 (RuTPU)RU\TPU\book\183202 |t Т. 307, № 2 |v [С. 20-24] |d 2004 |p 213 с. | |
| 610 | 1 | |a рассеивание | |
| 610 | 1 | |a радиоволны | |
| 610 | 1 | |a плазменные образования | |
| 610 | 1 | |a реактивные двигатели | |
| 610 | 1 | |a космические аппараты | |
| 610 | 1 | |a результаты вычислений | |
| 610 | 1 | |a частотные спектры | |
| 610 | 1 | |a радиосигналы | |
| 610 | 1 | |a численное моделирование | |
| 610 | 1 | |a экспериментальные данные | |
| 610 | 1 | |a радиозондирование | |
| 610 | 1 | |a факелы | |
| 610 | 1 | |a ракеты | |
| 610 | 1 | |a труды учёных ТПУ | |
| 610 | 1 | |a электронный ресурс | |
| 700 | 1 | |a Спицын |b В. Г. |c специалист в области информатики и вычислительной техники |c профессор Томского политехнического университета, доктор технических наук |f 1948- |g Владимир Григорьевич |3 (RuTPU)RU\TPU\pers\22707 |9 9740 | |
| 801 | 1 | |a RU |b 63413507 |c 20090623 |g PSBO | |
| 801 | 2 | |a RU |b 63413507 |c 20140306 |g PSBO | |
| 856 | 4 | |u http://www.lib.tpu.ru/fulltext/v/Bulletin_TPU/2004/v307/i2/04.pdf | |
| 942 | |c CF | ||